000 02031nam a2200409 c 4500
003 BLK
005 20180422100141.0
008 180407b bul|||||r ||||||| ||bul||
010 _aKNG00035517000
020 _a954-608-054-3
_bиздат.: Труд и право
040 _aBLK
041 _aBUL
_cBUL
080 _aТрудово законодателство. Работническо законодателство. Социално законодателство
_b351.83
_x:368(497.2)(094.9)
_z351.83:368(497.2)(094.9)
700 1 _aХристосков, Йордан
_eсъстав. и комент.
_9366874
710 1 _aБългария. Закони и др. п.
_9243213
139 _aБългария. Закони и др. п.
_bБ 92
245 1 0 _aСоциално осигуряване 2001 година
_bЗадължително обществено осигуряване ; Допълнително пенсионно осигуряване
_cсъстав. и комент. Йордан Христосков.
257 _aBGR
260 София
_bТруд и право
_c2001
_fСофия : Д. Благоев ООД
300 _a752 с.
_c21 см
380 _a3
500 _aДруги състав. В. Кръстева, Д. Асенова, И. Карановски Й. Милошев, Г. Георгиев Нормативни актове ; Указания на НОИ ; Приложен коментар
650 4 _aОсигурително право
_9264693
650 4 _aСоциално осигуряване - нормативни документи
_9272569
651 4 _aБългария
_9241624
653 _aсоциално осигуряване
653 _aосигуряване
653 _a2001 г.
653 _aнормативни документи
653 _aБългария
653 _aсоциално право
852 _aЦб 207595
856 4 _qpdf
_u
856 4 _qpdf
_u
942 _cKNG
_n0
944 _aCR
_c10.02.2003
_kЦветанка_Енчева
944 _aED
_c13.06.2005
_k
999 _c32840
_d32840